• 首页
  • 本馆介绍
  • 公告通知
  • 最新文献
  • 馆藏检索
  • 电子资源
  • 读者导购
  • 参考咨询
  • 我的图书馆
  • 登录
  • 详细信息显示
  • 放入我的书架
  • 预约/预借图书
  • 作者相关作品
  • 分类相关作品
  • 丛书相关作品
  • 出版社相关作品

书目信息

  • 表格格式
  • 工作单格式
  • 卡片格式
题名:
细胞生物学导学
    
 
作者: 李先文 编
分册:  
出版信息: 北京   科学出版社  2004
页数: 261页
开本: 24cm
丛书名:
单 册:
中图分类: Q2
科图分类:
主题词: 细胞生物学--高等学校
电子资源:
ISBN: 7-03-013319-6
000 00718nam0 2200217 45
001 002712402
005 20050401094455.6
010    @a7-03-013319-6@dCNY28.00
100    @a20040802d2004 em y0chiy0110 ea
101 0  @achi
102    @aCN@b110000
105    @ay z 000yy
200 1  @a细胞生物学导学@Axi bao sheng wu xue dao xue@f李先文等编@FLi Xian Wen Deng Bian
210    @a北京@c科学出版社@d2004
215    @a261页@d24cm
330    @a本书介绍了细胞生物学各个领域的基本知识及其研究状况,每章均配有要点提示及强化练习,书末配有自测题和硕士研究生招生模拟试题,并配有答案。
606 0  @a细胞生物学@x高等学校
690    @aQ2@v4
701  0 @a李先文@4编
801  0 @aCN@bNLC@c20040923
905    @f5@b347446-450@dQ2@e16
    
    细胞生物学导学/李先文等编.-北京:科学出版社,2004
    261页;24cm
    
    
    ISBN 7-03-013319-6:CNY28.00
    本书介绍了细胞生物学各个领域的基本知识及其研究状况,每章均配有要点提示及强化练习,书末配有自测题和硕士研究生招生模拟试题,并配有答案。
●
相关链接 在E读中查询图书 在五车中查询图书 在当当中查询图书 在豆瓣中查询图书


正题名:细胞生物学导学     索取号:Q2/16         预约/预借

序号 登录号 条形码 馆藏地/架位号 状态 备注
1 0347446   203474463   第二样本阅览室/ [索取号:Q2/16] 在馆    
2 0347447   203474472   第三借阅区/ [索取号:Q2/16] 在馆    
3 0347448   203474481   第三借阅区/ [索取号:Q2/16] 在馆    
4 0347449   203474490   第三借阅区/ [索取号:Q2/16] 在馆    
5 0347450   203474506   第三借阅区/ [索取号:Q2/16] 在馆    
6 0357777   3577775   第三借阅区/ [索取号:Q2/16] 在馆    
7 0357778   3577784   第三借阅区/ [索取号:Q2/16] 在馆    
8 0357779   3577793   第三借阅区/ [索取号:Q2/16] 在馆    
9 0357780   3577800   第三借阅区/ [索取号:Q2/16] 在馆    
10 0357781   3577819   第三借阅区/ [索取号:Q2/16] 在馆    
唐山师范学院图书馆 欢迎您!
大连网信软件有限公司© 版权所有